000 00766nam a2200265Ia 4500
003 OSt
005 20220918165436.0
006 a|||||r|||| 00| 0
007 ta
008 220917b |||||||| |||| 00| 0 eng d
020 _a7191 6270 2
024 _a64,544
037 _cTextual
040 _aARTS
_cARTS
_beng
041 _2eng
_aeng
082 _aO111,2J64:g(S), H7;K8
100 _aPartridge Eric
_9351
245 0 _aShakespeare's Bowdy
_b A literary and psychological essay and a comprehensive glossary
250 _a3rd ed.
260 _aLondon
_bRoutledge UK
_c1968
300 _avii, 223p.
_ccm.
650 _aSHAKESPEARE, WILLIAM
942 _hO111,2J64:g(S), H7;K8
_cTEXL
_2CC
999 _c129789
_d129789